000 00489nam a2200181Ia 4500
001 23710
005 20260414150955.0
008 260414t2003||||xx |||||||||||||| ||spa||
041 _aESP
082 _a693.85
_bA144
100 _aAkiyama, Hiroshi
_eAUT
245 0 _aMetodología de proyecto sismorresistente de edificios basada en el balance energético
_b
260 _c2003
300 _axiii, 254 páginas :
_c21 cm.
650 _a0
654 _aCIC
942 _cLIB
_dJUS
_fJUS
_2ddc
_n
999 _c23710
_d23710